000 01728nam0a2200385 4500
001 RU\NLR\BIBL_A\012173571
005 20200120145721.0
010 _a978-5-09-074986-2
_960
021 _aRU
_bКН-П-19-091116
_9КН-П-19-6645
035 _a(NLR Aleph) 012173571
035 _a(RuMoRGB)010177895
090 _a12252463
_c12252463
100 _a20191226d2019 u y0rusy50 ca
101 0 _arus
_avog
102 _aRU
105 _aa|||j|||000zy
200 1 _aМетодические рекомендации к учебному пособию "Мансийский язык. 7 класс"
_eпособие для учителя
_fА. Р. Станиславец, Е. У. Акбаш
210 _aСанкт-Петербург
_cФилиал изд-ва "Просвещение"
_d2019
215 _a58, [2] с.
_cтабл.
_d22
225 1 _aФГОС
225 1 _aСерия "Новый учебник Севера"
300 _aЧасть текста манс.
300 _aИзд. за счёт средств Ханты-Мансийского авт. округа - Югры
320 _aБиблиогр.: с. 16-20
333 _a16+
606 1 _aМансийский язык
_jМетодические пособия
_xПреподавание
_xСредняя школа
_92263435
_3RU\NLR\AUTH\6601586663
610 0 _aмансийский язык в школе
686 1 _aЧ426.153манс.я8
700 1 _aСтаниславец
_bА. Р.
_gАльбина Романовна
701 1 _7ca
_8rus
_aАкбаш
_bЕ. У.
_gЕлена Устиновна
_953673
_3RU\NLR\AUTH\7770745
942 _cBOOK
980 _aNBR
980 _aNB